Tilastot visalle Afrikan maantiede A-Ö

Klikkaa tästä pelataksesi tätä visaa!

Yleistilastot

  • Tätä visaa on pelattu 381 kertaa
  • Keskiarvotulos 14 / 26

Vastaustilastot

VihjeVastaus% Oikein
APinta-alaltaan suurin valtioAlgeria
96%
SMaailman suurin kuuma aavikkoSahara
85%
EPohjois-Afrikan väkirikkain valtioEgypti
83%
MSaari, jossa makit asuvatMadagaskar
82%
GSenegalin ympäröimä valtioGambia
81%
KAfrikan korkein vuoriKilimanjaro
77%
JEtelä-Afrikan väkirikkain kaupunkiJohannesburg
75%
VVesiputous Zimbabwen ja Sambian rajalla{Victorian} putoukset
74%
USwahili on tämän valtion virallinen kieliUganda
71%
QKuningatar Viktorian mukaan nimetty kaupunki Etelä-Afrikassa{Queens}town
66%
FSierra Leonen pääkaupunkiFreetown
55%
ZToinen Etelä-Afrikan puhutuimmista kielistäZulu
54%
WNamibian pääkaupunkiWindhoek
52%
RZimbabwen entinen nimiRhodesia
51%
DTansanian suurin kaupunkiDar es Salaam
47%
BYksi Etelä-Afrikan pääkaupungeistaBloemfontein
43%
NAavikko Namibian rannikollaNamib
40%
TSuurin makean veden järviTanganjika
37%
XYksi Etelä-Afrikan puhutuimmista kielistäXhosa
37%
YNorsunluurannikon pääkaupunkiYamoussoukro
36%
PBeninin lainsäädännöllinen pääkaupunkiPorto-Novo
34%
CEspanjalle kuuluva kaupunki Afrikan mantereellaCeuta
32%
OAlgeriassa sijaitseva rannikkokaupunkiOran
31%
IYksi Nigerian puhutuimmista kielistäIgbo
25%
HEtenkin Nigeriassa ja Nigerissä puhuttu kieliHausa
22%
LVuoristo Etelä-AfrikassaLohikäärmevuoret
19%

Tulosjakauma

Persentiili vastausten määrän mukaan

Jokaisen tuloksen saaneiden osuus

Tuloshistoriasi

Et ole pelannut tätä visaa